Drawing Landscapes (Record no. 236316)

MARC details
000 -LEADER
fixed length control field 00332pam a2200145 a 4500
020 ## - INTERNATIONAL STANDARD BOOK NUMBER
Terms of availability
041 ## - LANGUAGE CODE
Language code of original
082 ## - DEWEY DECIMAL CLASSIFICATION NUMBER
Classification number 741
Item number SWA
100 ## - MAIN ENTRY--PERSONAL NAME
Personal name Ronald Swanwick .
245 ## - TITLE STATEMENT
Title Drawing Landscapes
Remainder of title Drawing Landscapes
Medium Textual Documents
250 ## - EDITION STATEMENT
Edition statement 2005.
260 ## - PUBLICATION, DISTRIBUTION, ETC.
Place of publication, distribution, etc. [s.l]:
Name of publisher, distributor, etc. Leisure Arts
300 ## - PHYSICAL DESCRIPTION
Extent 47:
Other physical details paper.
930 ## - EQUIVALENCE OR CROSS-REFERENCE-UNIFORM TITLE HEADING [LOCAL, CANADA]
Uniform title 2526
Holdings
Withdrawn status Lost status Damaged status Not for loan Collection Home library Current library Date acquired Source of acquisition Cost, normal purchase price Total Checkouts Full call number Barcode Date last seen Date last checked out Copy number Price effective from Koha item type
          College of Fine Arts, Pune College of Fine Arts, Pune 24/05/2007 Bhararti Sahakari Grahak Bhandar 299.00 2 741 SWA FAP-2526 24/09/2025 24/09/2025 1 07/03/2023 Book